Statistics for Ipswich Town Biggest Transfers

Click here to take the quiz!

General Stats

  • This quiz has been taken 22 times
  • The average score is 42 of 64

Answer Stats

% Correct
IncomingsIrelandCMJack Taylor23/24Peterborough United
89%
IncomingsEnglandSTPaul Taylor12/13Peterborough United
89%
OutgoingsEnglandCMAndre Dozzell21/22Queens Park Rangers
84%
IncomingsJamaicaLWDavid Johnson97/98Bury
84%
OutgoingsJamaicaLWDavid Johnson00/01Nottingham Forest
84%
OutgoingsEnglandCMJason Dozzell93/94Tottenham Hotspur
84%
IncomingsEnglandSTMarcus Stewart99/00Huddersfield Town
84%
OutgoingsEnglandSTMarcus Stewart02/03Sunderland
84%
OutgoingsEnglandSTDarren Bent05/06Charlton Athletic
79%
IncomingsNigeriaRWFinidi George01/02Mallorca
79%
IncomingsEnglandSTMarcus Bent01/02Blackburn Rovers
79%
IncomingsItalyGKMatteo Sereni01/02Sampdoria
79%
OutgoingsEnglandGKRichard Wright01/02Arsenal
79%
OutgoingsEnglandCBTitus Bramble02/03Newcastle United
79%
OutgoingsEnglandLBAaron Cresswell14/15West Ham United
74%
OutgoingsIrelandSTDaryl Murphy16/17Newcastle United
74%
IncomingsEnglandSTGeorge Hirst23/24Leicester Cty
74%
IncomingsIcelandCBHermann Hreidarsson00/01Wimbledon
74%
OutgoingsIcelandCBHermann Hreidarsson02/03Charlton Athletic
74%
OutgoingsEnglandSTIan Marshall96/97Leicester Cty
74%
IncomingsEnglandSTIan Marshall93/94Oldham Athletic
74%
OutgoingsEnglandRMKieron Dyer99/00Newcastle United
74%
OutgoingsIrelandCMMatt Holland03/04Charlton Athletic
74%
IncomingsIrelandCMMatt Holland97/98Bournemouth
74%
OutgoingsArgentinaLBMauricio Taricco98/99Tottenham Hotspur
74%
IncomingsTrinidad & TobagoRBCarlos Edwards09/10Sunderland
68%
OutgoingsEnglandSTChris Kiwomya94/95Arsenal
68%
OutgoingsEnglandCMFlynn Downes21/22Swansea City
68%
IncomingsNorthern IrelandCBGareth McAuley08/09Leicester Cty
68%
OutgoingsEnglandSTJames Scowcroft01/02Leicester Cty
68%
OutgoingsEnglandGKKelvin Davis05/06Sunderland
68%
IncomingsEnglandAMLee Martin09/10Manchester United
68%
IncomingsEnglandLBLeif Davis22/23Leeds United
68%
IncomingsHungarySTTamas Priskin09/10Watford
68%
OutgoingsEnglandCBTyrone Mings15/16Bournemouth
68%
OutgoingsEnglandCBAdam Webster18/19Bristol City
63%
OutgoingsEnglandSTConnor Wickham11/12Sunderland
63%
IncomingsEnglandCMDavid Norris07/08Plymouth Argyle
63%
IncomingsEnglandCMGrant Leadbitter09/10Sunderland
63%
IncomingsTrinidad & TobagoSTJason Scotland10/11Wigan Athletic
63%
OutgoingsScotlandSTJordan Rhodes09/10Huddersfield Town
63%
IncomingsEnglandSTKayden Jackson18/19Accrington Stanley
63%
IncomingsNetherlandsAMMartijn Reuser99/00Ajax
63%
IncomingsEnglandSTMartyn Waghorn17/18Rangers
63%
OutgoingsEnglandSTMartyn Waghorn18/19Derby County
63%
IncomingsFranceLMUlrich Le Pen01/02Lorient
63%
IncomingsEnglandLBChris Makin00/01Sunderland
58%
OutgoingsEnglandLMDarren Ambrose02/03Newcastle United
58%
OutgoingsEnglandLBJamie Clapham02/03Birmingham City
58%
OutgoingsIrelandRWJonathan Walters10/11Stoke City
58%
IncomingsEnglandCMSteve Sedgley93/94Tottenham Hotspur
58%
OutgoingsDenmarkCBClaus Thomsen96/97Everton
53%
OutgoingsEnglandDMIan Westlake06/07Leeds United
53%
IncomingsEnglandSTJoe Garner17/18Rangers
53%
OutgoingsEnglandSTJoe Garner18/19Wigan Athletic
53%
IncomingsIrelandCBDamien Delaney09/10Queens Park Rangers
47%
IncomingsEnglandSTMichael Chopra11/12Cardiff City
47%
IncomingsDenmarkCBThomas Gaardsoe01/02Aalborg
47%
IncomingsEnglandCMTommy Miller01/02Hartlepool United
47%
OutgoingsIrelandSTAlan Lee08/09Crystal Palace
42%
IncomingsEnglandAMJay Emmanuel-Thomas11/12Arsenal
42%
IncomingsArgentinaLMLuciano Civelli08/09Banfield
42%
IncomingsWalesDMEmyr Huws17/18Cardiff City
37%
OutgoingsEnglandCBBrian Gayle91/92Sheffield United
26%

Score Distribution

Percentile by Number Answered

Percent of People with Each Score

Your Score History

You have not taken this quiz